=LDR 00000nam 2200000 4500 =001 000464 =005 20250710090222 =035 ##$$a 0010-0725000326 =007 ta =008 250710################a##########0#ind## =020 ##$$a 978-623-307-970-9 =082 ##$$a 398.209 598 =084 ##$$a 398.209 598 IRE n =100 #$$a Iresha Chammi =245 1#$$a Nona Kelinci Menjadi Koki /$c Chammi Iresha =250 ##$$a Cetakan Pertama 2024 =260 ##$$a Jakarta :$b Badan Pengembangan dan Pembinaan Bahasa,$c 2022 =300 ##$$a 24 hlm : $b Ilus. ; $c 22,9 cm =650 #4$$a Cerita Anak Indonesia - Terjemahan =650 #4$$a Literasi- Bahan Bacaan =990 ##$$a TBM02150215